=LDR 00000nam 2200000 4500 =001 INLIS000000000042172 =005 20200429091134 =035 ##$$a 0010-101300000000094 =008 200429################g##########0#ind## =041 ##$$a ind =082 ##$$a 297.2 =090 ##$$a 2x3.1, Nar u =100 ##$$a Armen Halim Naro =245 1#$$a Untukmu yang berjiwa hanif /$c Armen Halim Naro =260 ##$$a Jakarta :$b Pustaka Darul Ilmi,$c 2007 =300 ##$$a x, 172 hlm ; $c 20 x 14 cm =650 #4$$a Akhlak =850 ##$$a NBPNMAT =020 ##$$a 97915993-0-6 =084 ##$$a 297.2 ARM u =990 ##$$a 20900968 =990 ##$$a 51300029 =990 ##$$a 20900967 =990 ##$$a 20900966